| 000 | 00944nam a2200289 c 4500 | ||
|---|---|---|---|
| 003 | BLK | ||
| 005 | 20241026161618.0 | ||
| 008 | 180411b bul|||||r ||||||| ||bul|| | ||
| 010 | _aKNG00181956000 | ||
| 040 | _aBLK | ||
| 041 |
_aBUL _cBUL |
||
| 080 |
_aБългарска литература _b821.163.2 _x-4 _z821.163.2-4 |
||
| 100 | 1 |
_aСтефанова, Лиляна _eпърви автор _9376442 |
|
| 139 |
_aСтефанова, Лиляна _bС 75 |
||
| 245 | 1 | 0 |
_aНеповторимото _bХудож. пътепис _cЛиляна Стефанова. |
| 257 | _aBGR | ||
| 260 |
_аСофия _bНар. младеж _c1989 |
||
| 300 |
_a512 с. _c22 см |
||
| 380 | _aX | ||
| 500 | _a45 000 тир. | ||
| 852 | _aЦб 162281 | ||
| 856 | 4 |
_qpdf _u |
|
| 856 | 4 |
_qpdf _u |
|
| 942 |
_cKNG _n0 _03 |
||
| 944 |
_aCR _c16.09.2015 _k30553 _lИваничка Йорданова |
||
| 944 |
_aED _c18.09.2017 _kХристина_Везирева |
||
| 999 |
_c173543 _d173543 |
||